Famous Pianist by Picture - Statistics

General Stats
  • This quiz has been taken 99 times
  • The average score is 18 of 56
Answer Stats
Picture Answer % Correct
Wolfgang Amadeus Mozart
86%
Ludwig Van Beethoven
84%
Franz Liszt
71%
Frédéric Chopin
70%
Claude Debussy
68%
Franz Schubert
67%
Sergei Rachmaninoff
64%
Clara Schumann
60%
Lang Lang
59%
Robert Schumann
59%
Dmitri Shostakovich
53%
Leonard Bernstein
53%
Johannes Brahms
52%
Martha Argerich
49%
Yuja Wang
49%
Vladimir Horowitz
48%
Evgeny Kissin
47%
Glenn Gould
41%
Scott Joplin
40%
Daniil Trifonov
38%
Krystian Zimerman
38%
Daniel Barenboim
37%
Arthur Rubinstein
36%
Sviatoslav Richter
33%
Vladimir Ashkenazy
33%
Khatia Buniatishvili
32%
Maria João Pires
32%
Claudio Arrau
25%
Maurizio Pollini
25%
Arturo Benedetti Michelangeli
23%
Grigory Sokolov
23%
Art Tatum
22%
Murray Perahia
22%
Mitsuko Uchida
21%
Oscar Peterson
21%
Alfred Brendel
18%
Alfred Cortot
18%
Emil Gilels
18%
Hélène Grimaud
18%
Van Cliburn
18%
Dinu Lipatti
15%
Charles-Valentin Alkan
12%
Myra Hess
12%
Radu Lupu
12%
WIlhelm Kempff
10%
Ferruccio Busoni
8%
Leif Ove Andsnes
8%
Artur Schnabel
7%
Edwin Fischer
7%
Stephen Hough
7%
Walter Gieseking
7%
Yiruma
5%
Władysław Szpilman
4%
Robert Casadesus
3%
Vittorio Forte
1%
Joyce Hatto
0%
No matching quizzes found
Score Distribution
Percent of People with Each Score
Percentile by Number Answered
Your Score History
You have not taken this quiz